000 00381nam a2200157Ia 4500
008 221030s9999 xx 000 0 und d
020 _a007
041 _aEnglish
082 _a105.23
_bIye
100 _aT. S. K. V. Lyer
245 0 _aTheory & Problems in Circuit Analysis
_cby T. S. K. V. Lyer
260 _bTMH
_aNew Delhi
_c2000
300 _a672
650 _aEE
942 _cBK
999 _c7958
_d7958